| 000 | 00696cab a2200181 4500 | ||
|---|---|---|---|
| 001 | ##L131248 | ||
| 008 | 050727n2005 000 0 eng u | ||
| 035 | _a(Sirsi) u131248 | ||
| 041 | 0 | _aeng | |
| 245 | 0 | 0 | _aRegional report: Hampshire, Dorset and south Wiltshire |
| 260 | _c2005 | ||
| 490 | 0 |
_aProperty Week _v70(40) 7 October 2005, 95-112(8) |
|
| 520 | _aRegion report that explores the commerical market in the region. Examines the influence of the 2012 Olympics on the region; offices in Bournemouth and Basingstoke; and industrial property. | ||
| 590 | _aIKA251005 | ||
| 650 | 2 | 4 | _aOLYMPIC GAMES 2012 |
| 690 | _aPROPERTY-COMMERCIAL PROPERTY-COMMERCIAL PROPERTY MARKET | ||
| 942 | _n0 | ||
| 999 |
_c104698 _d104698 |
||